| 000 | 00346nam a22001457a 4500 | ||
|---|---|---|---|
| 003 | MACL | ||
| 005 | 20190703145637.0 | ||
| 008 | 190703b xxu||||| |||| 00| 0 eng d | ||
| 040 | _cMACL | ||
| 100 |
_aSuman, Krishan Kumar _975755 |
||
| 245 | _aYoga Therapy | ||
| 260 |
_aDelhi _bLotus Press _c2017 |
||
| 650 |
_aYoga _975756 |
||
| 942 |
_2ddc _cBK |
||
| 999 |
_c60406 _d60406 |
||